| 000 | 00558nam a2200229Ia 4500 | ||
|---|---|---|---|
| 003 | OSt | ||
| 005 | 20221005131335.0 | ||
| 006 | a|||||r|||| 00| 0 | ||
| 007 | ta | ||
| 008 | 221004b |||||||| |||| 00| 0 guj d | ||
| 024 | _a40672 | ||
| 037 | _cTextual | ||
| 040 |
_aCRL _cCRL _bguj |
||
| 041 |
_2guj _aguj |
||
| 082 | _aO156,3NSH,1, H5 | ||
| 100 |
_aShukal _9208038 |
||
| 245 | 0 | _aSitaharan | |
| 300 |
_a126p. _ccm. |
||
| 650 | _aGUJRATI LITERATURE | ||
| 942 |
_hO156,3NSH,1, H5 _cTEXL _2cc |
||
| 999 |
_c1060035 _d1060035 |
||